header

Freud and Judaism (Record no. 215996)

MARC details
000 -LEADER
fixed length control field 01700nam a2200385 a 4500
245 00 - TITLE STATEMENT
Title Freud and Judaism
260 ## - PUBLICATION, DISTRIBUTION, ETC. (IMPRINT)
Place of publication London :
Name of publisher Karnac Books,
Year of publication 1993.
300 ## - PHYSICAL DESCRIPTION
Number of Pages 174 p.
505 0# - FORMATTED CONTENTS NOTE
Formatted contents note pt. 1. Judaism and psychoanalysis -- pt. 2. Historical aspects -- pt. 3. Cultural aspects -- pt. 4. 'Moses and monotheism' -- pt. 5. Applied psychoanalysis studies.
650 #0 - SUBJECT ADDED ENTRY--TOPICAL TERM
Topical Term Judaism and psychoanalysis.
700 1# - ADDED ENTRY--PERSONAL NAME
Personal name Meghnagi, David.
Personal name Freud, Sigmund,
Personal name Solms, Mark.
856 40 - ELECTRONIC LOCATION AND ACCESS
Uniform Resource Identifier http://site.ebrary.com/lib/rucke/Doc?id=10475837

No items available.

© 2026 Rongo University
Contact us: librarian | system librarian | Rongo university